Normal view
MARC view
- Khan, Ch. Subhan
Entry Personal Name
001 - CONTROL NUMBER
- control field: 85195
003 - CONTROL NUMBER IDENTIFIER
- control field: NUST
005 - DATE AND TIME OF LATEST TRANSACTION
- control field: 20211128133435.0
008 - FIXED-LENGTH DATA ELEMENTS
- fixed length control field: 211128|| aca||aabn | a|a d
040 ## - CATALOGING SOURCE
- Original cataloging agency: NUST
- Transcribing agency: NUST
100 ## - HEADING--PERSONAL NAME
- Personal name: Khan, Ch. Subhan
670 ## - SOURCE DATA FOUND
- Source citation: Work cat.: (NUST)586892: Khan, Ch. Subhan., The Land revenue act (XVII of 1967): With Land Revenue Rules, 1968 /, 2020.
